000 00879nam a2200241 a 4500
001 BRCA_8865
005 20190320210436.0
008 140617s1748----it-#######---#000-0#ita-#
041 _aita
044 _ait
084 _aBE246
_b.M87 1748
100 1 _aMuratori, Lodovico Antonio
_d1672 - 1750
_921958
245 1 0 _aDelle forze dell´intendimento umano, asia il pirronisimo confuntato
_ctrattato di Lodovic Antonio Muratori...
250 _a2a ed.
260 _aVenezia
_bPresso Giambatista Pasquali
_c1748
300 _aXXXVIII, [2], [4], 348 p.
_c17.7 x 11.8 cm.
500 _aCon la licenza de superiori
500 _aEstado físico: presenta encuadernación en pergamino con cintas rotas y lomo semi desprendido
650 1 4 _aFé y razón
_yObras anteriores a 1800
_922078
700 1 _aPasquali, Giovanni Battista
_eImpresor
_922079
902 _aCFM
942 _2lcc
_cB
999 _c8516
_d8516